Jornadas sobre Producción Animal (13o.) (Record no. 98413)
[ view plain ]
| 000 -CABECERA | |
|---|---|
| campo de control de longitud fija | 01203nam a2200337 a 4500 |
| 003 - IDENTIFICADOR DEL NÚMERO DE CONTROL | |
| campo de control | CHAP |
| 005 - FECHA Y HORA DE LA ÚLTIMA TRANSACCIÓN | |
| campo de control | 20240515131116.0 |
| 008 - DATOS DE LONGITUD FIJA--INFORMACIÓN GENERAL | |
| campo de control de longitud fija | 100514s2009 es r 10000 spa d |
| 010 ## - NÚMERO DE CONTROL DE LA BIBLIOTECA DEL CONGRESO | |
| Número de control de LC | 98413 |
| 011 ## - ENLACE DEL NUMERO DE CONTROL DE LA BIBLIOTECA DEL CONGRESO [OBSOLETO] | |
| Número de control de LC | 99385 |
| 020 ## - NÚMERO INTERNACIONAL ESTÁNDAR DEL LIBRO | |
| Número Internacional Estándar del Libro | 9788461323111 |
| 035 ## - NÚMERO DE CONTROL DEL SISTEMA | |
| Número de control de sistema | 110071 |
| 040 ## - FUENTE DE LA CATALOGACIÓN | |
| Centro/agencia transcriptor | CHAP |
| 082 04 - NÚMERO DE LA CLASIFICACIÓN DECIMAL DEWEY | |
| Número de clasificación | 636 |
| Número de documento/Ítem | J76 2009 |
| 111 2# - ENTRADA PRINCIPAL--NOMBRE DE CONGRESO/REUNIÓN | |
| Nombre de congreso/reunión o jurisdicción como elemento de entrada | Jornadas sobre Producción Animal ( |
| Número del congreso/reunión o número de parte o sección | 13 : |
| Fecha del congreso/reunión | 2009 : |
| Sede del congreso/Lugar de la reunión | Zaragoza, Esp.) |
| 9 (RLIN) | 62185 |
| 245 10 - MENCIÓN DE TÍTULO | |
| Título | Jornadas sobre Producción Animal (13o.) |
| Mención de responsabilidad, etc. | /por Asociación Interprofesional para el Desarrollo Agrario |
| 260 ## - PUBLICACIÓN, DISTRIBUCIÓN, ETC. | |
| Lugar de publicación, distribución, etc. | Zaragoza, Esp. : |
| Nombre del editor, distribuidor, etc. | AIDA, |
| Fecha de publicación, distribución, etc. | 2009 |
| 300 ## - DESCRIPCIÓN FÍSICA | |
| Extensión | 2 v. : |
| Otras características físicas | gráfs., tablas |
| 490 ## - MENCIÓN DE SERIE | |
| Mención de serie | Congresos y jornadas. |
| 590 ## - NOTA LOCAL (RLIN) | |
| Nota local | BATCH-UPD |
| Procedencia (VM) [OBSOLETO] | 10 |
| Condición del los carretes individuales (VM) [OBSOLETO] | 20130110 |
| 590 ## - NOTA LOCAL (RLIN) | |
| Nota local | BATCH-UPD |
| Procedencia (VM) [OBSOLETO] | 10 |
| Condición del los carretes individuales (VM) [OBSOLETO] | 20130410 |
| 590 ## - NOTA LOCAL (RLIN) | |
| Nota local | BATCH-UPD |
| Procedencia (VM) [OBSOLETO] | 10 |
| Condición del los carretes individuales (VM) [OBSOLETO] | 20130914 |
| 590 ## - NOTA LOCAL (RLIN) | |
| Nota local | CONVERSION |
| Procedencia (VM) [OBSOLETO] | 10 |
| Condición del los carretes individuales (VM) [OBSOLETO] | 20130109 |
| 650 14 - PUNTO DE ACCESO ADICIONAL DE MATERIA--TÉRMINO DE MATERIA | |
| Término de materia o nombre geográfico como elemento de entrada | Producción animal. |
| 9 (RLIN) | 91859 |
| 710 2# - PUNTO DE ACCESO ADICIONAL--NOMBRE DE ENTIDAD CORPORATIVA | |
| Nombre de entidad corporativa o nombre de jurisdicción como elemento de entrada | Asociación Interprofesional para el Desarrollo Agrario. |
| 9 (RLIN) | 8022 |
| 830 ## - PUNTO DE ACCESO ADICIONAL DE SERIE-TÍTULO UNIFORME | |
| Título uniforme | Congresos y jornadas. |
| Nombre de parte o sección de la obra | Producción animal |
| 9 (RLIN) | 27160 |
| 901 ## - ELEMENTOS DE DATOS A LOCAL LDA (RLIN) | |
| a | BK |
| 942 ## - ELEMENTOS DE PUNTO DE ACCESO ADICIONAL (KOHA) | |
| Tipo de ítem Koha | Libro |
| Fuente del sistema de clasificación o colocación | Dewey Decimal Classification |
| 949 ## - PROCESAMIENTO DE INFORMACIÓN LOCAL (OCLC) | |
| a | 636 J76 2009 |
| b | BC |
| c | LIBRO |
| d | 33724002168157 |
| e | LIBRO |
| f | v.2 |
| h | 112554 |
| i | 110071 |
| s | b |
| 949 ## - PROCESAMIENTO DE INFORMACIÓN LOCAL (OCLC) | |
| a | 636 J76 2009 |
| b | BC |
| c | LIBRO |
| d | 33724002168199 |
| e | LIBRO |
| f | v.1 |
| h | 112553 |
| i | 110071 |
| s | b |
| Estado de retiro | Estado de pérdida | Fuente del sistema de clasificación o colocación | Estado dañado | Restricciones de uso | No para préstamo | Código de colección | Localización permanente | Ubicación/localización actual | Ubicación en estantería | Fecha de adquisición | Información codificada de la localización en otra ubicación | Total de préstamos | Signatura topográfica completa | Código de barras | Fecha visto por última vez | Número de copia | Precio válido a partir de | Tipo de ítem Koha | Nota pública |
|---|---|---|---|---|---|---|---|---|---|---|---|---|---|---|---|---|---|---|---|
| Dewey Decimal Classification | Préstamo 15 días | General | Biblioteca Central | Biblioteca Central | Planta principal - Colección General | 31/12/2019 | LIBRO | 636 J76 2009 | 33724002168157 | 31/12/2019 | v.2 | 31/12/2019 | Libro | ||||||
| Dewey Decimal Classification | Préstamo 15 días | General | Biblioteca Central | Biblioteca Central | Planta principal - Colección General | 31/12/2019 | LIBRO | 636 J76 2009 | 33724002168199 | 31/12/2019 | v.1 | 31/12/2019 | Libro | ||||||
| Dewey Decimal Classification | Préstamo interno | Material multimedia | Biblioteca Central | Biblioteca Central | Planta Principal - Área de préstamo - Mat. Multimedia | 15/05/2024 | 636 J76 2009 v.I - v.2 | 337240025591188 | 15/05/2024 | 15/05/2024 | CD | Material complementario |
